000 00281nam a22001217a 4500
003 OSt
008 150622b xxu||||| |||| 00| 0 eng d
100 1 _aNorwich, John Julius
041 _aeng
245 1 0 _aA history of Venice
260 _aNew York
_bAlfred A. Knopf
300 _a0 pages
999 _c1608
_d1608